| Tag |
First Indicator |
Second Indicator |
Subfields |
| LEADER |
00000cam a2200000Ia 4500 |
| 001 |
in00002492471 |
| 005 |
20211202191530.0 |
| 006 |
m d f |
| 007 |
cr bn||||||||| |
| 008 |
090505s2008 dcu sb f000 0 eng d |
| 035 |
|
|
|a (OCoLC)ocn320235622
|
| 040 |
|
|
|a GPO
|c GPO
|d MvI
|d UtOrBLW
|
| 049 |
|
|
|a WWW
|
| 074 |
|
|
|a 0520-B-16 (online)
|
| 086 |
0 |
|
|a HS 4.118:M 73/2008
|
| 245 |
0 |
0 |
|a What every member of the trade community should know about :
|b classification of molds and their parts under the HTSUS.
|
| 246 |
3 |
0 |
|a Classification of molds and their parts under the HTSUS
|
| 250 |
|
|
|a Rev. August 2008.
|
| 264 |
|
1 |
|a [Washington, D.C.] :
|b U.S. Customs and Border Protection,
|c [2008]
|
| 300 |
|
|
|a 31 pages :
|b digital, PDF file.
|
| 336 |
|
|
|a text
|b txt
|2 rdacontent
|
| 337 |
|
|
|a computer
|b c
|2 rdamedia
|
| 338 |
|
|
|a online resource
|b cr
|2 rdacarrier
|
| 490 |
1 |
|
|a An informed compliance publication
|
| 538 |
|
|
|a Mode of access: Internet from the CBP web site. Address as of 5/04/2009: http://www.cbp.gov/linkhandler/cgov/trade/legal/informed%5Fcompliance%5Fpubs/icp059.ctt/icp059.pdf ; current access is available via PURL.
|
| 500 |
|
|
|a Title from title screen (viewed on May 4, 2009).
|
| 504 |
|
|
|a Includes bibliographical references.
|
| 500 |
|
|
|a Electronic resource.
|
| 650 |
|
0 |
|a Molding materials.
|
| 650 |
|
0 |
|a Tariff
|x Law and legislation
|z United States.
|
| 710 |
2 |
|
|a U.S. Customs and Border Protection.
|
| 830 |
|
0 |
|a Informed compliance publication.
|
| 856 |
4 |
0 |
|u https://purl.fdlp.gov/GPO/LPS112205
|t 0
|
| 999 |
|
|
|a MARS
|
| 999 |
f |
f |
|s 3ee9c228-ed6c-3595-99c1-563560d8de84
|i de21d680-6620-3262-9bb9-3f210c552510
|t 0
|
| 952 |
f |
f |
|a Texas A&M University
|b College Station
|c Electronic Resources
|d Available Online
|t 0
|e HS 4.118:M 73/2008
|h Superintendent of Documents classification
|
| 998 |
f |
f |
|a HS 4.118:M 73/2008
|t 0
|l Available Online
|